Fr. Conceicao Rodrigues College of Engineering

Extrusion dies : design engineering computation (Record no. 25232)

MARC details
000 -LEADER
fixed length control field 00342nam a2200145Ia 4500
082 ## - DEWEY DECIMAL CLASSIFICATION NUMBER
Classification number 668.413
Item number MIC
100 ## - MAIN ENTRY--PERSONAL NAME
Personal name Laue/I.K/ Stenger/I.H
245 ## - TITLE STATEMENT
Title Extrusion dies : design engineering computation
260 ## - PUBLICATION, DISTRIBUTION, ETC.
Name of publisher, distributor, etc. Hanser publishers
Place of publication, distribution, etc. Munich
Date of publication, distribution, etc. 1984
300 ## - PHYSICAL DESCRIPTION
Extent 447
546 ## - LANGUAGE NOTE
Language note ENGLISH
654 ## - SUBJECT ADDED ENTRY--FACETED TOPICAL TERMS
Focus term extrusion
942 ## - ADDED ENTRY ELEMENTS (KOHA)
Koha item type Reference Book
Holdings
Withdrawn status Lost status Damaged status Not for loan Collection Home library Current library Shelving location Date acquired Source of acquisition Cost, normal purchase price Inventory number Total Checkouts Full call number Barcode Date last seen Cost, replacement price Price effective from Koha item type
        CRC Fr. Agnel's C.Rodrigues College of Engineering Fr. Agnel's C.Rodrigues College of Engineering   17/03/2023 Book World 1408.00 093 dt 16.08.1990   668.413 MIC 2911 17/03/2023 1408.00 16/08/1990 Reference Book